| 000 | 00000nam 2200000za 4500 |
| 001 | 9.677559 |
| 003 | CaOODSP |
| 005 | 20221107134435 |
| 007 | cr ||||||||||| |
| 008 | 150407s2015||||xxc|||||o f00| 0 fre d |
| 020 | |a978-0-660-23374-1 |
| 040 | |aCaOODSP|bfre |
| 043 | |an-cn--- |
| 086 | 1 |aA118-10/35-2013F-PDF |
| 245 | 00|aProfil de la culture de la cerise au Canada, 2013|h[ressource électronique] / |cpréparé par Programme de réduction des risques liés aux pesticides, Centre de la lutte antiparasitaire, Agriculture et Agroalimentaire Canada. |
| 250 | |a2e éd. |
| 260 | |aOttawa, Ontario : |bAgriculture et Agroalimentaire Canada,|c2015. |
| 300 | |a[3], 81 p. : |bfigures, graphiques, tableaux. |
| 500 | |aPublé aussi en anglais sous le titre : Crop Profile for Cherry in Canada, 2013. |
| 504 | |aComprend des réf. bibliogr. |
| 691 | 07|aCultures fruitières|2gcpds |
| 710 | 1 |aCanada. |bAgriculture et agroalimentaire Canada. |bCentre de lutte antiparasitaire. |
| 775 | 08|tCrop profile for cherry in Canada, 2013 |w(CaOODSP)9.629966 |
| 794 | |tProfil de la culture de la cerise au Canada, 2016 |w(CaOODSP)9.865618 |
| 856 | 40|qPDF|s1.73 Mo|uhttps://publications.gc.ca/collections/collection_2015/aac-aafc/A118-10-35-2013-fra.pdf |
| 986 | |aNo d’AAC : 12339F |